Banyan and Peepul (Record no. 400175)

000 -LEADER
fixed length control field 00403cam a22001457a 4500
008 - FIXED-LENGTH DATA ELEMENTS--GENERAL INFORMATION
fixed length control field 180718b xxu||||| |||| 00| 0 eng d
082 ## - DEWEY DECIMAL CLASSIFICATION NUMBER
Classification number Z211x54 K898
100 ## - MAIN ENTRY--PERSONAL NAME
Personal name Krishnamurthy, K.H.
245 ## - TITLE STATEMENT
Title Banyan and Peepul
Statement of responsibility, etc. by K.H. Krishnamurthy
260 ## - PUBLICATION, DISTRIBUTION, ETC.
Place of publication, distribution, etc. Delhi
Name of publisher, distributor, etc. Books for all
Date of publication, distribution, etc.
300 ## - PHYSICAL DESCRIPTION
Extent 112p.
440 ## - SERIES STATEMENT/ADDED ENTRY--TITLE
Title Health series: traditional family medicine
650 ## - SUBJECT ADDED ENTRY--TOPICAL TERM
Topical term or geographic name entry element Medicinal plants
650 ## - SUBJECT ADDED ENTRY--TOPICAL TERM
Topical term or geographic name entry element Plants
Holdings
Withdrawn status Lost status Damaged status Not for loan Permanent Location Current Location Date acquired Full call number Barcode Date last seen Price effective from Koha item type
        Indian Institute of Public Administration Indian Institute of Public Administration 2002-09-23 Z211x54 K898 66603 2018-07-21 2018-07-21 Book

Powered by Koha